000 00301nam a2200109Ia 4500
008 201231s9999 xx 000 0 und d
100 _aShukla, Madhukar
245 0 _aCompeting Through Knowledge : Building A Learning Organisation
260 _aNew Delhi
_bResponse Books
300 _a334
942 _cBK
999 _c10151
_d10151